| 000 | 00637nam a22002417a 4500 | ||
|---|---|---|---|
| 005 | 20231005163056.0 | ||
| 008 | 160112b2012 xxu||||| |||| 00| 0 spa d | ||
| 020 | _a9789972233517 | ||
| 041 | _aESP | ||
| 082 | _a305.26 P974p | ||
| 245 | _aPsicología del adulto mayor : para una vejez saludable | ||
| 260 |
_aPerú _bMirbet _c2012 |
||
| 300 | _a135 páginas | ||
| 650 | _aGERONTOLOGIA | ||
| 650 | _aGERIATRIA | ||
| 650 | _aVEJEZ | ||
| 650 | _aPSICOLOGIA | ||
| 650 | _aSEXUALIDAD | ||
| 650 | _aDUELO | ||
| 650 | _aTERAPIA OCUPACIONAL | ||
| 650 | _aPSICOLOGIA DEL DESARROLLO | ||
| 942 |
_cBK _2ddc |
||
| 999 |
_c7300 _d7300 |
||